Socrate au pays des process (notice n° 1988284)

détails MARC
000 -LEADER
fixed length control field 01236cam a2200133 4500500
005 - DATE AND TIME OF LATEST TRANSACTION
control field 20260329043827.0
041 ## - LANGUAGE CODE
Language code of text/sound track or separate title fre
042 ## - AUTHENTICATION CODE
Authentication code dc
100 10 - MAIN ENTRY--PERSONAL NAME
Personal name de Funès, Julia
Relator term author
245 00 - TITLE STATEMENT
Title Socrate au pays des process
260 ## - PUBLICATION, DISTRIBUTION, ETC.
Name of publisher, distributor, etc. Flammarion,<br/>
Date of publication, distribution, etc. 2021.<br/>
520 ## - SUMMARY, ETC.
Summary, etc. Durant quelques années, j’ai été chasseuse de têtes: j’étais censée évaluer des candidats expérimentés qui occupaient des fonctions complexes et techniques, auxquelles je ne pouvais, du haut de mes vingt-deux ans, rien comprendre. Je me suis aussitôt retrouvée confrontée au non-sens absolu. Comment évaluer ce que je ne connaissais pas&amp;#8239;? Comment juger des compétences nécessaires à des métiers dont j’ignorais tout&amp;#8239;? C’est la philosophie qui m’a pour ainsi dire sauvée: mes études de philo m’ont enseigné à dynamiter mes préjugés et à rechercher le sens de ce qui est. C’est désormais ce que je m’emploie à faire, à la demande des entreprises, avec leurs collaborateurs. Je vous invite donc à un voyage philosophique, au ton volontairement léger, dans le monde des affaires.
856 41 - ELECTRONIC LOCATION AND ACCESS
Uniform Resource Identifier <a href="https://shs.cairn.info/socrate-au-pays-des-process--9782080253668?lang=fr&redirect-ssocas=7080">https://shs.cairn.info/socrate-au-pays-des-process--9782080253668?lang=fr&redirect-ssocas=7080</a>

Pas d'exemplaire disponible.

PLUDOC

PLUDOC est la plateforme unique et centralisée de gestion des bibliothèques physiques et numériques de Guinée administré par le CEDUST. Elle est la plus grande base de données de ressources documentaires pour les Étudiants, Enseignants chercheurs et Chercheurs de Guinée.

Adresse

627 919 101/664 919 101

25 boulevard du commerce
Kaloum, Conakry, Guinée

Réseaux sociaux

Powered by Netsen Group @ 2025